01431 2200373 4500001002100000005001500021035002000036245007600056100001500132250001800147300002600165700003300191260003100224082001100255084001700266020002200283650001400305650001700319650001400336520041400350008004100764990002100805990002100826990002100847990002100868990002100889990002100910990002100931990002100952990002100973990002100994990002101015990002101036INLIS00000000001417220231006092252 a0010-10230000071 aNEGARA PARIPURNA :bHistorisitas, Rasionalitas dan aktualitas Pancasila0 aYudi Latif aCet. 9 (2022) axxxi, 703 hlm.; 23 cm0 aIdi Subandy Ibrahim (Editor) aJakarta :bGramedia,c2011 a320.54 a320.54 YUD n a978-602-03-2414-2 aPancasila aNasionalisme aIndonesia aSangatlah melegakan dan membanggakan bahwa dalam keterpurukan yang sedang dialami oleh bangsa kita, muncul seorang intelektual muda, Yudi Latif, yang mampu menjabarkan dan memperkaya Pancasila sampai pada akar-akar sejarahnya. Buku ini patut disebarluaskan dan dijadikan bacaan wajib bagi setiap warga negara Indonesia. --Kwik Kian Gie, Ekonom, Penggerak Pendidikan dan Mantan Menteri Koordinator Perekonomian231006 e 0 ind  a023.2062/PC/2023 a023.2063/PC/2023 a023.2064/PC/2023 a023.2062/PC/2023 a023.2063/PC/2023 a023.2064/PC/2023 a023.2064/PC/2023 a023.2062/PC/2023 a023.2063/PC/2023 a023.2063/PC/2023 a023.2062/PC/2023 a023.2064/PC/2023